000 00652nam a2200241Ia 4500
003 OSt
005 20220918201240.0
006 a|||||r|||| 00| 0
007 ta
008 220917b |||||||| |||| 00| 0 eng d
024 _a92,632
037 _cTextual
040 _aARTS
_cARTS
_beng
041 _2eng
_aeng
082 _aV1:19(zK), K5
100 _aCrabb Cecil V.
_941039
245 0 _aElephants and the grass
_b Study of nonalignment
260 _aNew York
_bFrederick A Praeger
_c1965
300 _axiii, 237p.
_ccm.
650 _aHISTORY
942 _hV1:19(zK), K5
_cTEXL
_2CC
999 _c216283
_d216283